| 000 | 01699cam a22003614a 4500 | ||
|---|---|---|---|
| 001 | 13739415 | ||
| 005 | 20070723150913.0 | ||
| 008 | 041004s2005 inua 001 0 eng | ||
| 010 | _a 2004114556 | ||
| 020 | _a1587052237 (alk. paper) | ||
| 040 |
_aDLC _cDLC _dDLC |
||
| 050 | 0 | 0 |
_aTK5105.5 _b.T4177 2007 |
| 082 |
_221 _a004.6 _bTEA |
||
| 100 | 1 |
_aTeare, Diane. _911357 |
|
| 245 | 1 | 0 |
_aAuthorized Self-Study Guide : Building scalable Cisco internetworks (BSCI) / _cDiane Teare, Catherine Paquet. |
| 246 | 1 |
_iAt head of title: _aAuthorized self-study guide |
|
| 246 | 3 | _aAuthorized self-study guide, building scalable Cisco internetworks (BSCI) | |
| 250 | _a3rd ed. | ||
| 260 |
_aIndianapolis, Ind. : _bCisco Press, _cc2007. |
||
| 300 |
_axxxiii, 818 p. : _bill. ; _c24 cm. |
||
| 490 | 0 | _aCertification self-study series | |
| 500 | _aRev. ed. of: CCNP self-study : building scalable Cisco internetworks (BSCI) / Catherine Paquet, Diane Teare. | ||
| 500 | _a"CCNP learning"--Cover. | ||
| 500 | _aIncludes index. | ||
| 650 | 0 |
_aTelecommunications engineers _xCertification _vStudy guides. _911358 |
|
| 650 | 0 |
_aInternetworking (Telecommunication) _vExaminations _vStudy guides. _911359 |
|
| 700 | 1 |
_aPaquet, Catherine. _911360 |
|
| 700 | 1 |
_aPaquet, Catherine. _tCCNP self-study. _911361 |
|
| 856 | 4 | 1 |
_3Table of contents only _uhttp://www.loc.gov/catdir/toc/fy0707/2004114556.html |
| 942 |
_2ddc _cBB |
||
| 999 |
_c13381 _d13381 |
||